000 00209 a2200097 4500
001 46717
100 _aChant C
245 _athe worlds navies
260 _aLondon
_bDavid & Charles
_c
090 _c29812
_d29812
942 _aNUST-CAE
_cM
_c22016
999 _c281790
_d281790